| 000 | 00376nam a22001337a 4500 | ||
|---|---|---|---|
| 008 | 250602b |||||||| |||| 00| 0 eng d | ||
| 020 | _a9789789054299 | ||
| 050 |
_aBS 475.2 _b.I 58 |
||
| 245 | _aIntroduction to the bible: Story themes and interpretation | ||
| 260 |
_aplateau _bAfrican christian textbook _c2006 |
||
| 300 | _a292 | ||
| 650 | _abible introduction | ||
| 942 | _cBK | ||
| 999 |
_c3735 _d3735 |
||